[Event "African Online-ch Women 2021"]
[Site "Online"]
[Date "2021.02.01"]
[Round "7.7"]
[White "Madelta Glenda"]
[Black "Rodriguez Guevara, Celia M."]
[Result "1/2-1/2"]
[WhiteElo "1420"]
[BlackElo "1849"]
[Annotator "NA RC"]
[PlyCount "144"]
[EventDate "2021.02.01"]
[EventType "swiss"]
[EventCountry "NET"]
[SourceTitle "playchess.com"]
[Source "ChessBase"]
[SourceQuality "1"]
[TimeControl "1500+10"]

1. d4 {[%emt 0:00:00]} d5 {[%emt 0:00:07]} 2. Nc3 {[%emt 0:00:04]} Nf6 {[%emt 0:00:09]} 3. Bf4 {[%emt 0:00:04]} a6 {[%emt 0:00:07]} 4. e3 {[%emt 0:00:04]} e6 {[%emt 0:00:07]} 5. Bd3 {[%emt 0:00:06]} b5 {[%emt 0:00:32]} 6. a3 {[%emt 0:00:10]} Bb7 {[%emt 0:00:06]} 7. Nf3 {[%emt 0:00:05]} Nbd7 {[%emt 0:00:25]} 8. h3 {[%emt 0:00:08]} Ne4 {[%emt 0:02:28]} 9. O-O {[%emt 0:00:21]} Be7 {[%emt 0:00:52]} 10. Ne5 {[%emt 0:00:09]} Nxe5 {[%emt 0:03:04]} 11. Bxe5 {[%emt 0:01:10]} f6 {[%emt 0:01:38]} 12. Bh2 {[%emt 0:00:15]} Nxc3 {[%emt 0:01:23]} 13. bxc3 {[%emt 0:00:07]} O-O {[%emt 0:01:13]} 14. a4 {[%emt 0:00:25]} c6 {[%emt 0:00:16]} 15. Qe2 {[%emt 0:07:51]} Bd6 {[%emt 0:01:12]} 16. f4 {[%emt 0:00:32]} c5 {[%emt 0:00:28]} 17. dxc5 {[%emt 0:00:09]} Bxc5 {[%emt 0:00:09]} 18. axb5 {[%emt 0:00:07]} axb5 {[%emt 0:00:28]} 19. Rxa8 {[%emt 0:00:45]} Bxa8 {[%emt 0:00:25]} 20. Bxb5 {[%emt 0:00:10]} Qb6 {[%emt 0:00:12]} 21. Re1 {[%emt 0:00:34]} Bxe3+ {[%emt 0:00:53]} 22. Kh1 {[%emt 0:00:09]} e5 {[%emt 0:04:57]} 23. fxe5 {[%emt 0:00:46]} fxe5 {[%emt 0:00:24]} 24. Bxe5 {[%emt 0:01:04]} Bc5 {[%emt 0:05:24]} 25. Bg3 {[%emt 0:05:57]} Qg6 {[%emt 0:01:57]} 26. Qd3 {[%emt 0:01:43]} Qb6 {[%emt 0:00:03]} 27. Rf1 {[%emt 0:02:09]} Rxf1+ {[%emt 0:00:09]} 28. Qxf1 {[%emt 0:00:05]} Qa7 {[%emt 0:00:15]} 29. Qe1 {[%emt 0:00:39]} Qf7 {[%emt 0:00:04]} 30. Bd3 {[%emt 0:00:22]} g6 {[%emt 0:00:11]} 31. Be5 {[%emt 0:00:32]} Bc6 {[%emt 0:00:03]} 32. Qg3 {[%emt 0:00:05]} Bb7 {[%emt 0:00:13]} 33. Qh4 {[%emt 0:00:19]} Be7 {[%emt 0:00:06]} 34. Qe1 {[%emt 0:00:38]} Bd8 {[%emt 0:00:02]} 35. Bd4 {[%emt 0:00:14]} Bc7 {[%emt 0:00:04]} 36. Qh4 {[%emt 0:00:33]} Bc6 {[%emt 0:00:13]} 37. Qe1 {[%emt 0:00:26]} Bd7 {[%emt 0:00:06]} 38. Qe3 {[%emt 0:00:28]} Bc6 {[%emt 0:00:04]} 39. Be2 {[%emt 0:00:03]} Bb8 {[%emt 0:00:06]} 40. Bg4 {[%emt 0:00:15]} Qf1+ {[%emt 0:00:10]} 41. Qg1 {[%emt 0:00:07]} Qxg1+ {[%emt 0:00:20]} 42. Kxg1 {[%emt 0:00:04]} Bg3 {[%emt 0:00:07]} 43. Kf1 {[%emt 0:00:03]} Bb5+ {[%emt 0:00:05]} 44. Be2 {[%emt 0:00:07]} Bc4 {[%emt 0:00:02]} 45. Bxc4 {[%emt 0:00:06]} dxc4 {[%emt 0:00:03]} 46. Ke2 {[%emt 0:00:04]} h6 {[%emt 0:00:07]} 47. Ke3 {[%emt 0:00:03]} Kf7 {[%emt 0:00:10]} 48. Ke4 {[%emt 0:00:13]} Ke6 {[%emt 0:00:02]} 49. Bg7 {[%emt 0:00:19]} h5 {[%emt 0:00:03]} 50. Bh6 {[%emt 0:00:21]} Be5 {[%emt 0:00:12]} 51. Bf4 {[%emt 0:00:11]} Bxc3 {[%emt 0:00:03]} 52. g3 {[%emt 0:00:10]} Bf6 {[%emt 0:00:10]} 53. h4 {[%emt 0:00:03]} Bc3 {[%emt 0:00:09]} 54. Be3 {[%emt 0:00:18]} Be5 {[%emt 0:00:06]} 55. Bf4 {[%emt 0:00:03]} Bf6 {[%emt 0:00:03]} 56. Be3 {[%emt 0:00:45]} Be5 {[%emt 0:00:08]} 57. Bf4 {[%emt 0:00:04]} Bc3 {[%emt 0:00:03]} 58. Bg5 {[%emt 0:00:08]} Bb2 {[%emt 0:00:05]} 59. Bf4 {[%emt 0:00:08]} Bf6 $11 {[%emt 0:00:05]} 60. Be3 {[%emt 0:00:03]} Kd6 {[%emt 0:00:06]} 61. Bd4 {[%emt 0:00:11]} Be7 {[%emt 0:00:07]} 62. Be5+ {[%emt 0:01:17]} Kc5 {[%emt 0:00:07]} 63. Bc3 {[%emt 0:00:10]} Kd6 {[%emt 0:00:04]} 64. Kd4 {[%emt 0:00:09]} Ke6 {[%emt 0:00:39]} 65. Kxc4 {[%emt 0:00:10]} Kf5 {[%emt 0:00:03]} 66. Kd5 {[%emt 0:00:05]} Kg4 {[%emt 0:00:07]} 67. Be5 {[%emt 0:00:03]} g5 {[%emt 0:00:16]} 68. hxg5 {[%emt 0:00:09]} Kxg5 {[%emt 0:00:07]} 69. c4 {[%emt 0:00:04]} Kg4 {[%emt 0:00:19]} 70. c5 {[%emt 0:01:00]} Bxc5 {[%emt 0:00:09]} 71. Kxc5 {[%emt 0:00:03]} h4 {[%emt 0:00:03]} 72. gxh4 {[%emt 0:00:03]} Kxh4 {[%emt 0:00:01]} 1/2-1/2

[Event "African Online-ch Women 2021"]
[Site "Online"]
[Date "2021.02.01"]
[Round "7.8"]
[White "Vilhete, Vania Fausto Da T."]
[Black "Ndirangu, Joyce Nyaruai"]
[Result "0-1"]
[WhiteElo "1799"]
[BlackElo "1659"]
[Annotator "NA RC"]
[PlyCount "162"]
[EventDate "2021.02.01"]
[EventType "swiss"]
[EventCountry "NET"]
[SourceTitle "playchess.com"]
[Source "ChessBase"]
[SourceQuality "1"]
[TimeControl "1500+10"]

1. d4 {[%emt 0:00:00]} Nf6 {[%emt 0:00:07]} 2. c4 {[%emt 0:00:05]} e6 {[%emt 0:00:15]} 3. Nf3 {[%emt 0:00:06]} b6 {[%emt 0:00:29]} 4. e3 {[%emt 0:00:05]} Bb7 {[%emt 0:00:02]} 5. Bd3 {[%emt 0:00:05]} c5 {[%emt 0:00:07]} 6. O-O {[%emt 0:00:06]} Nc6 {[%emt 0:00:34]} 7. Nc3 {[%emt 0:00:09]} cxd4 {[%emt 0:00:20]} 8. exd4 {[%emt 0:00:05]} d5 {[%emt 0:00:08]} 9. b3 {[%emt 0:01:11]} Be7 {[%emt 0:00:16]} 10. Bb2 {[%emt 0:00:10]} O-O {[%emt 0:02:26]} 11. Rc1 {[%emt 0:00:14]} dxc4 {[%emt 0:00:20]} 12. Bxc4 {[%emt 0:00:49]} Nb4 {[%emt 0:00:54]} 13. Ne5 {[%emt 0:01:25]} a6 {[%emt 0:00:21]} 14. Ng4 {[%emt 0:00:54]} b5 {[%emt 0:00:23]} 15. Be2 {[%emt 0:00:11]} Nxg4 {[%emt 0:01:41]} 16. Bxg4 {[%emt 0:00:12]} Bf6 {[%emt 0:00:18]} 17. a3 {[%emt 0:00:30]} Nc6 {[%emt 0:01:07]} 18. Ne2 {[%emt 0:00:36]} Qd6 {[%emt 0:02:03]} 19. Bf3 {[%emt 0:00:41]} Rfd8 {[%emt 0:00:13]} 20. Qc2 {[%emt 0:06:46]} Rac8 {[%emt 0:00:14]} 21. Bxc6 {[%emt 0:00:34]} Rxc6 {[%emt 0:00:19]} 22. Qd3 {[%emt 0:01:12]} e5 {[%emt 0:01:18]} 23. Ng3 {[%emt 0:01:17]} Rxc1 {[%emt 0:00:17]} 24. Rxc1 {[%emt 0:00:35]} exd4 {[%emt 0:00:38]} 25. Rd1 {[%emt 0:01:07]} Qd5 {[%emt 0:01:04]} 26. f3 {[%emt 0:00:15]} h6 {[%emt 0:01:58]} 27. Nf5 {[%emt 0:00:38]} Qc5 {[%emt 0:01:37]} 28. b4 {[%emt 0:01:47]} Qb6 {[%emt 0:00:46]} 29. Kh1 {[%emt 0:02:04]} Qe6 {[%emt 0:02:33]} 30. Nxd4 {[%emt 0:01:21]} Qa2 {[%emt 0:00:23]} 31. Ba1 {[%emt 0:00:47]} Qf2 {[%emt 0:02:12]} 32. Qd2 {[%emt 0:01:25]} Qh4 {[%emt 0:00:46]} 33. Qe3 {[%emt 0:00:10]} Qh5 {[%emt 0:02:31]} 34. Re1 {[%emt 0:00:29]} Bd5 {[%emt 0:00:24]} 35. Nb3 {[%emt 0:00:27]} Bg5 {[%emt 0:00:33]} 36. Qe5 {[%emt 0:00:28]} Qg6 {[%emt 0:00:09]} 37. Nc5 {[%emt 0:00:15]} Bf6 {[%emt 0:00:21]} 38. Qc7 {[%emt 0:00:21]} Bc4 {[%emt 0:00:33]} 39. Bxf6 {[%emt 0:00:18]} Qxf6 {[%emt 0:00:03]} 40. h3 {[%emt 0:00:13]} Rd2 {[%emt 0:00:09]} 41. Ne4 {[%emt 0:00:14]} Qd8 {[%emt 0:00:09]} 42. Qxd8+ {[%emt 0:00:08]} Rxd8 {[%emt 0:00:03]} 43. Nc5 {[%emt 0:00:05]} Ra8 {[%emt 0:00:13]} 44. Nd7 {[%emt 0:00:26]} Ra7 {[%emt 0:00:13]} 45. Re8+ {[%emt 0:00:14]} Kh7 {[%emt 0:00:02]} 46. Nf8+ {[%emt 0:00:06]} Kh8 {[%emt 0:00:05]} 47. Nd7+ {[%emt 0:00:16]} Kh7 {[%emt 0:00:02]} 48. Nb6 {[%emt 0:00:06]} Be6 {[%emt 0:00:04]} 49. Rd8 {[%emt 0:00:07]} a5 {[%emt 0:00:11]} 50. Ra8 {[%emt 0:00:23]} Rxa8 {[%emt 0:00:36]} 51. Nxa8 {[%emt 0:00:09]} axb4 {[%emt 0:00:02]} 52. axb4 {[%emt 0:00:04]} Kg6 {[%emt 0:00:03]} 53. Kg1 {[%emt 0:00:06]} Kf5 {[%emt 0:00:03]} 54. Nc7 {[%emt 0:00:06]} Bc4 {[%emt 0:00:03]} 55. Kf2 {[%emt 0:00:05]} Ke5 {[%emt 0:00:12]} 56. Ne8 {[%emt 0:00:07]} g5 {[%emt 0:00:06]} 57. g3 {[%emt 0:00:06]} Kd4 {[%emt 0:00:13]} 58. Nd6 {[%emt 0:00:18]} Kc3 {[%emt 0:00:02]} 59. Nf5 {[%emt 0:00:04]} h5 {[%emt 0:00:06]} 60. Ke3 {[%emt 0:00:20]} Kxb4 {[%emt 0:00:05]} 61. Kd4 {[%emt 0:00:07]} Be6 {[%emt 0:00:19]} 62. Nd6 {[%emt 0:00:39]} Ka4 {[%emt 0:00:15]} 63. Kc3 {[%emt 0:00:07]} b4+ {[%emt 0:00:03]} 64. Kb2 {[%emt 0:00:06]} b3 {[%emt 0:00:04]} 65. h4 {[%emt 0:00:07]} gxh4 {[%emt 0:00:05]} 66. gxh4 {[%emt 0:00:03]} Kb4 {[%emt 0:00:02]} 67. Ne4 {[%emt 0:00:12]} Kc4 {[%emt 0:00:13]} 68. Nd2+ {[%emt 0:00:04]} Kb4 {[%emt 0:00:03]} 69. Ne4 {[%emt 0:00:05]} Bd5 {[%emt 0:00:02]} 70. Ng5 {[%emt 0:00:03]} Kc4 {[%emt 0:00:16]} 71. f4 {[%emt 0:00:07]} Kd4 {[%emt 0:00:05]} 72. Nh3 {[%emt 0:00:10]} Ke3 {[%emt 0:00:08]} 73. f5 {[%emt 0:00:04]} Kf3 {[%emt 0:00:02]} 74. Ng5+ {[%emt 0:00:05]} Kg4 {[%emt 0:00:04]} 75. Nh7 {[%emt 0:00:08]} Kxf5 {[%emt 0:00:09]} 76. Ng5 {[%emt 0:00:13]} Kg4 {[%emt 0:00:02]} 77. Nh7 {[%emt 0:00:20]} Kxh4 {[%emt 0:00:03]} 78. Nf6 {[%emt 0:00:04]} Be6 {[%emt 0:00:02]} 79. Ne4 {[%emt 0:00:05]} Kg4 {[%emt 0:00:06]} 80. Nf2+ {[%emt 0:00:03]} Kf3 {[%emt 0:00:04]} 81. Nd3 {[%emt 0:00:12]} h4 {[%emt 0:00:03]} 0-1

[Event "African Online-ch Women 2021"]
[Site "Online"]
[Date "2021.02.01"]
[Round "7.9"]
[White "Wanjiru, Lucy"]
[Black "Du Plessis, Anika"]
[Result "1-0"]
[WhiteElo "1623"]
[BlackElo "1541"]
[Annotator "NA RC"]
[PlyCount "119"]
[EventDate "2021.02.01"]
[EventType "swiss"]
[EventCountry "NET"]
[SourceTitle "playchess.com"]
[Source "ChessBase"]
[SourceQuality "1"]
[TimeControl "1500+10"]

1. e4 {[%emt 0:00:00]} c5 {[%emt 0:00:05]} 2. c3 {[%emt 0:00:05]} d6 {[%emt 0:01:38]} 3. d4 {[%emt 0:00:06]} cxd4 {[%emt 0:00:02]} 4. cxd4 {[%emt 0:00:02]} g6 {[%emt 0:00:02]} 5. Nf3 {[%emt 0:00:04]} Bg7 {[%emt 0:00:02]} 6. Nc3 {[%emt 0:00:15]} Nf6 {[%emt 0:00:03]} 7. Be2 {[%emt 0:00:06]} O-O {[%emt 0:00:03]} 8. O-O {[%emt 0:00:02]} Nc6 {[%emt 0:00:05]} 9. a3 {[%emt 0:01:34]} Bg4 {[%emt 0:00:41]} 10. h3 {[%emt 0:00:28]} Bxf3 {[%emt 0:00:03]} 11. Bxf3 {[%emt 0:00:02]} e5 {[%emt 0:00:15]} 12. d5 {[%emt 0:00:53]} Nd4 {[%emt 0:00:05]} 13. Be3 {[%emt 0:00:19]} Nxf3+ {[%emt 0:00:21]} 14. Qxf3 {[%emt 0:00:04]} Nd7 {[%emt 0:00:47]} 15. Qe2 {[%emt 0:00:03]} a6 {[%emt 0:00:16]} 16. Rac1 {[%emt 0:00:08]} Rc8 {[%emt 0:00:04]} 17. Qd2 {[%emt 0:00:28]} Nc5 {[%emt 0:00:11]} 18. Qd1 {[%emt 0:01:02]} f5 {[%emt 0:02:18]} 19. f3 {[%emt 0:01:06]} fxe4 {[%emt 0:01:09]} 20. Bxc5 {[%emt 0:00:07]} Rxc5 {[%emt 0:00:09]} 21. Nxe4 {[%emt 0:00:05]} Rxc1 {[%emt 0:00:20]} 22. Qxc1 {[%emt 0:00:07]} Rf4 {[%emt 0:03:18]} 23. Qc2 {[%emt 0:00:45]} Bh6 {[%emt 0:00:48]} 24. g3 {[%emt 0:01:37]} Rf7 {[%emt 0:00:31]} 25. Kg2 {[%emt 0:00:14]} Be3 {[%emt 0:01:14]} 26. Qd3 {[%emt 0:00:38]} Bd4 {[%emt 0:00:37]} 27. b3 {[%emt 0:00:15]} Kg7 {[%emt 0:00:59]} 28. Rc1 {[%emt 0:00:45]} h6 {[%emt 0:00:35]} 29. Rc2 {[%emt 0:01:23]} Rc7 {[%emt 0:00:28]} 30. a4 {[%emt 0:00:50]} Qc8 {[%emt 0:00:45]} 31. Rc4 {[%emt 0:00:12]} b5 {[%emt 0:00:17]} 32. axb5 {[%emt 0:00:10]} axb5 {[%emt 0:00:03]} 33. Nxd6 {[%emt 0:00:13]} Qd7 {[%emt 0:00:30]} 34. Nxb5 {[%emt 0:00:23]} Rxc4 {[%emt 0:00:25]} 35. bxc4 {[%emt 0:00:18]} Bc5 {[%emt 0:00:04]} 36. Qe2 {[%emt 0:00:12]} Kf6 {[%emt 0:00:22]} 37. Nc3 {[%emt 0:00:27]} Bd4 {[%emt 0:00:22]} 38. Ne4+ {[%emt 0:00:16]} Ke7 {[%emt 0:00:04]} 39. f4 {[%emt 0:01:13]} Qa7 {[%emt 0:00:23]} 40. fxe5 {[%emt 0:00:14]} Bxe5 {[%emt 0:00:05]} 41. Ng5 {[%emt 0:00:15]} Kf6 {[%emt 0:00:22]} 42. Nf3 {[%emt 0:00:11]} Bc3 {[%emt 0:00:57]} 43. Qe6+ {[%emt 0:00:18]} Kg7 {[%emt 0:00:04]} 44. Nh4 {[%emt 0:00:39]} Qa2+ {[%emt 0:00:30]} 45. Kf3 {[%emt 0:00:06]} Qb1 {[%emt 0:00:07]} 46. Qe2 {[%emt 0:02:08]} g5 {[%emt 0:01:09]} 47. Ng2 {[%emt 0:02:29]} Qf5+ {[%emt 0:00:40]} 48. Ke3 {[%emt 0:00:14]} Qxh3 {[%emt 0:00:42]} 49. Qf3 {[%emt 0:00:17]} Be5 {[%emt 0:01:41]} 50. Ke4 {[%emt 0:01:01]} Qxg3 {[%emt 0:00:33]} 51. Qxg3 {[%emt 0:00:04]} Bxg3 {[%emt 0:00:02]} 52. Kf5 {[%emt 0:00:08]} Kf7 {[%emt 0:00:11]} 53. c5 {[%emt 0:00:24]} Bf2 {[%emt 0:01:09]} 54. c6 {[%emt 0:00:12]} Ke7 {[%emt 0:00:02]} 55. Kg6 {[%emt 0:00:15]} Kd6 {[%emt 0:00:06]} 56. Kxh6 {[%emt 0:00:02]} g4 {[%emt 0:00:03]} 57. Kh5 {[%emt 0:00:14]} g3 {[%emt 0:00:03]} 58. Kg4 {[%emt 0:00:15]} Be1 {[%emt 0:00:22]} 59. Kf3 {[%emt 0:00:33]} Kc7 {[%emt 0:00:47]} 60. Nxe1 {[%emt 0:00:09]} 1-0

[Event "African Online-ch Women 2021"]
[Site "Online"]
[Date "2021.02.01"]
[Round "7.10"]
[White "Maingi, Sasha"]
[Black "Joao, Delfina"]
[Result "1/2-1/2"]
[WhiteElo "1599"]
[BlackElo "1727"]
[Annotator "NA RC"]
[PlyCount "102"]
[EventDate "2021.02.01"]
[EventType "swiss"]
[EventCountry "NET"]
[SourceTitle "playchess.com"]
[Source "ChessBase"]
[SourceQuality "1"]
[TimeControl "1500+10"]

1. e4 {[%emt 0:00:00]} e6 {[%emt 0:00:06]} 2. d3 {[%emt 0:00:14]} d5 {[%emt 0:00:05]} 3. Nd2 {[%emt 0:00:05]} Nf6 {[%emt 0:00:17]} 4. Ngf3 {[%emt 0:00:25]} c5 {[%emt 0:00:12]} 5. g3 {[%emt 0:00:22]} Nc6 {[%emt 0:00:45]} 6. Bg2 {[%emt 0:00:22]} Be7 {[%emt 0:00:28]} 7. O-O {[%emt 0:00:10]} O-O {[%emt 0:00:06]} 8. Re1 {[%emt 0:00:38]} Qc7 {[%emt 0:00:13]} 9. c3 {[%emt 0:00:59]} dxe4 {[%emt 0:01:00]} 10. dxe4 {[%emt 0:00:44]} Rd8 {[%emt 0:00:32]} 11. Qc2 {[%emt 0:00:17]} b6 {[%emt 0:00:59]} 12. Nc4 {[%emt 0:00:13]} e5 {[%emt 0:01:07]} 13. Bg5 {[%emt 0:00:47]} Ba6 {[%emt 0:00:32]} 14. Bf1 {[%emt 0:02:36]} Bxc4 {[%emt 0:00:38]} 15. Bxc4 {[%emt 0:00:08]} Rd7 {[%emt 0:00:18]} 16. Bxf6 {[%emt 0:01:29]} Bxf6 {[%emt 0:00:07]} 17. Bd5 {[%emt 0:00:08]} Rad8 {[%emt 0:00:10]} 18. Rad1 {[%emt 0:00:07]} Kf8 {[%emt 0:01:07]} 19. Qa4 {[%emt 0:03:06]} Rd6 {[%emt 0:03:56]} 20. Rd2 {[%emt 0:01:10]} Ne7 {[%emt 0:01:26]} 21. Qc4 {[%emt 0:04:15]} Qd7 {[%emt 0:01:41]} 22. Red1 {[%emt 0:01:11]} Qg4 {[%emt 0:02:41]} 23. Qe2 {[%emt 0:01:36]} Nxd5 {[%emt 0:01:49]} 24. Rxd5 {[%emt 0:00:21]} Rxd5 {[%emt 0:00:11]} 25. Rxd5 {[%emt 0:00:37]} Rxd5 {[%emt 0:00:07]} 26. exd5 {[%emt 0:00:25]} e4 {[%emt 0:00:09]} 27. Nd4 {[%emt 0:01:41]} Qd7 {[%emt 0:01:17]} 28. Nc6 {[%emt 0:01:24]} Qxd5 {[%emt 0:00:46]} 29. Nxa7 {[%emt 0:00:18]} Qxa2 {[%emt 0:00:13]} 30. Nc8 {[%emt 0:00:28]} Qb1+ {[%emt 0:00:22]} 31. Kg2 {[%emt 0:00:20]} Qd3 {[%emt 0:01:21]} 32. Qxd3 {[%emt 0:01:50]} exd3 {[%emt 0:00:05]} 33. Kf3 {[%emt 0:00:08]} b5 {[%emt 0:01:29]} 34. Nd6 {[%emt 0:00:04]} b4 {[%emt 0:00:09]} 35. cxb4 {[%emt 0:00:08]} cxb4 {[%emt 0:00:08]} 36. b3 {[%emt 0:00:04]} d2 {[%emt 0:00:20]} 37. Ke2 {[%emt 0:00:05]} Bc3 {[%emt 0:00:07]} 38. Ne4 {[%emt 0:00:05]} Ke7 {[%emt 0:00:16]} 39. Nxd2 {[%emt 0:00:38]} Bxd2 {[%emt 0:00:09]} 40. Kxd2 {[%emt 0:00:03]} Kd6 {[%emt 0:00:04]} 41. Ke3 {[%emt 0:00:17]} Ke5 {[%emt 0:00:12]} 42. f4+ {[%emt 0:00:22]} Kd5 {[%emt 0:00:14]} 43. g4 {[%emt 0:00:26]} h6 {[%emt 0:00:25]} 44. h3 {[%emt 0:00:23]} g6 {[%emt 0:00:07]} 45. h4 {[%emt 0:00:13]} f5 {[%emt 0:00:57]} 46. gxf5 {[%emt 0:00:52]} gxf5 {[%emt 0:00:17]} 47. Kd3 {[%emt 0:00:17]} h5 {[%emt 0:00:20]} 48. Ke3 {[%emt 0:00:03]} Kc5 {[%emt 0:00:08]} 49. Kd3 {[%emt 0:00:03]} Kd5 {[%emt 0:00:06]} 50. Ke3 {[%emt 0:00:03]} Kc5 {[%emt 0:00:02]} 51. Kd3 {[%emt 0:00:02]} Kd5 {[%emt 0:00:04]} 1/2-1/2

[Event "African Online-ch Women 2021"]
[Site "Online"]
[Date "2021.02.01"]
[Round "7.11"]
[White "Farnela, Nuzela Zacarias Musi"]
[Black "Sitoe, Cheila Andre"]
[Result "0-1"]
[WhiteElo "1431"]
[BlackElo "1588"]
[Annotator "NA RC"]
[PlyCount "38"]
[EventDate "2021.02.01"]
[EventType "swiss"]
[EventCountry "NET"]
[SourceTitle "playchess.com"]
[Source "ChessBase"]
[SourceQuality "1"]
[TimeControl "1500+10"]

1. e4 {[%emt 0:00:00]} e5 {[%emt 0:00:14]} 2. Nf3 {[%emt 0:00:18]} Nc6 {[%emt 0:00:08]} 3. Bc4 {[%emt 0:00:46]} Bc5 {[%emt 0:00:06]} 4. d3 {[%emt 0:00:25]} Nf6 {[%emt 0:00:16]} 5. Nc3 {[%emt 0:00:13]} h6 {[%emt 0:00:12]} 6. h3 {[%emt 0:01:05]} d6 {[%emt 0:00:06]} 7. Bd2 {[%emt 0:00:08]} Be6 {[%emt 0:00:21]} 8. Bb5 {[%emt 0:00:48]} O-O {[%emt 0:00:07]} 9. Na4 {[%emt 0:00:39]} Bb6 {[%emt 0:00:10]} 10. Nxb6 {[%emt 0:00:15]} axb6 {[%emt 0:00:05]} 11. Bxc6 {[%emt 0:00:10]} bxc6 {[%emt 0:00:04]} 12. O-O {[%emt 0:00:14]} c5 {[%emt 0:00:17]} 13. a3 {[%emt 0:00:06]} Nh7 {[%emt 0:00:26]} 14. Nh2 {[%emt 0:00:16]} f5 {[%emt 0:00:05]} 15. exf5 {[%emt 0:00:51]} Rxf5 {[%emt 0:00:17]} 16. Qg4 {[%emt 0:00:37]} Rf6 {[%emt 0:00:13]} 17. Qg3 {[%emt 0:00:39]} Qd7 {[%emt 0:00:08]} 18. f4 {[%emt 0:00:55]} exf4 {[%emt 0:00:15]} 19. Rf3 {[%emt 0:00:33]} fxg3 {[%emt 0:00:06]} 0-1

[Event "African Online-ch Women 2021"]
[Site "Online"]
[Date "2021.02.01"]
[Round "7.12"]
[White "Malehloa, Likhomo"]
[Black "Ben Said, Safa"]
[Result "0-1"]
[WhiteElo "1331"]
[BlackElo "1577"]
[Annotator "NA RC"]
[PlyCount "180"]
[EventDate "2021.02.01"]
[EventType "swiss"]
[EventCountry "NET"]
[SourceTitle "playchess.com"]
[Source "ChessBase"]
[SourceQuality "1"]
[TimeControl "1500+10"]

1. d4 {[%emt 0:00:00]} d5 {[%emt 0:00:09]} 2. Nc3 {[%emt 0:00:11]} Nf6 {[%emt 0:00:11]} 3. Bf4 {[%emt 0:00:06]} Bf5 {[%emt 0:00:19]} 4. Nb5 {[%emt 0:00:09]} Na6 {[%emt 0:00:09]} 5. e3 {[%emt 0:00:08]} e6 {[%emt 0:00:09]} 6. Nf3 {[%emt 0:01:02]} c6 {[%emt 0:00:04]} 7. Nc3 {[%emt 0:00:05]} Nb4 {[%emt 0:01:00]} 8. Bd3 {[%emt 0:00:07]} Bg6 {[%emt 0:04:04]} 9. a3 {[%emt 0:00:23]} Nxd3+ {[%emt 0:00:27]} 10. cxd3 {[%emt 0:00:06]} Qa5 {[%emt 0:00:05]} 11. O-O {[%emt 0:00:16]} Be7 {[%emt 0:00:17]} 12. Ne5 {[%emt 0:00:14]} O-O {[%emt 0:00:11]} 13. Nxg6 {[%emt 0:00:07]} fxg6 {[%emt 0:00:04]} 14. Be5 {[%emt 0:00:29]} Nd7 {[%emt 0:00:10]} 15. Qg4 {[%emt 0:01:32]} Rf5 {[%emt 0:05:28]} 16. Bg3 {[%emt 0:00:57]} Nf6 {[%emt 0:03:37]} 17. Qe2 {[%emt 0:00:23]} Nd7 {[%emt 0:00:23]} 18. e4 {[%emt 0:00:24]} Rf7 {[%emt 0:00:05]} 19. Qg4 {[%emt 0:00:46]} Nf8 {[%emt 0:00:15]} 20. Qe2 {[%emt 0:00:38]} Re8 {[%emt 0:00:15]} 21. Rac1 {[%emt 0:00:38]} Qd8 {[%emt 0:00:20]} 22. Rb1 {[%emt 0:00:51]} dxe4 {[%emt 0:01:02]} 23. Qxe4 {[%emt 0:00:10]} Bf6 {[%emt 0:00:09]} 24. Be5 {[%emt 0:00:08]} Nd7 {[%emt 0:00:15]} 25. Bxf6 {[%emt 0:00:11]} Nxf6 {[%emt 0:00:04]} 26. Qe3 {[%emt 0:00:24]} Ng4 {[%emt 0:00:18]} 27. Qe4 {[%emt 0:00:31]} Nf6 {[%emt 0:00:08]} 28. Qe3 {[%emt 0:00:09]} Nd5 {[%emt 0:00:22]} 29. Qd2 {[%emt 0:00:53]} Ref8 {[%emt 0:00:09]} 30. Ne4 {[%emt 0:00:47]} Nb6 {[%emt 0:01:16]} 31. Nc5 {[%emt 0:00:22]} Qd6 {[%emt 0:00:20]} 32. Rbe1 {[%emt 0:00:16]} Re8 {[%emt 0:00:05]} 33. Qb4 {[%emt 0:00:47]} Nd5 {[%emt 0:00:19]} 34. Qc4 {[%emt 0:01:34]} b6 {[%emt 0:01:30]} 35. Ne4 {[%emt 0:00:09]} Qd7 {[%emt 0:00:09]} 36. Ng5 {[%emt 0:02:36]} Rf5 {[%emt 0:00:37]} 37. Nf3 {[%emt 0:00:08]} Rc8 {[%emt 0:00:35]} 38. Qc2 {[%emt 0:00:57]} c5 {[%emt 0:00:25]} 39. dxc5 {[%emt 0:00:11]} Rxc5 {[%emt 0:00:04]} 40. Qe2 {[%emt 0:00:15]} Nf4 {[%emt 0:00:08]} 41. Qe3 {[%emt 0:00:31]} Qxd3 {[%emt 0:00:27]} 42. Qxd3 {[%emt 0:00:10]} Nxd3 {[%emt 0:00:03]} 43. Rxe6 {[%emt 0:00:06]} Nxb2 {[%emt 0:00:29]} 44. Re7 {[%emt 0:00:14]} Ra5 {[%emt 0:00:21]} 45. Nd4 {[%emt 0:00:07]} Rfe5 {[%emt 0:00:29]} 46. Rc7 {[%emt 0:01:43]} Rxa3 {[%emt 0:00:15]} 47. Rc2 {[%emt 0:00:17]} Nd3 {[%emt 0:00:11]} 48. Nf3 {[%emt 0:00:23]} Re7 {[%emt 0:00:11]} 49. Ng5 {[%emt 0:00:08]} Re8 {[%emt 0:00:11]} 50. h3 {[%emt 0:00:12]} Nf4 {[%emt 0:00:18]} 51. Rfc1 {[%emt 0:00:24]} h6 {[%emt 0:00:10]} 52. Rc8 {[%emt 0:00:08]} Kf8 {[%emt 0:00:18]} 53. Nh7+ {[%emt 0:00:05]} Kf7 {[%emt 0:00:08]} 54. Rxe8 {[%emt 0:00:47]} Kxe8 {[%emt 0:00:07]} 55. Rc8+ {[%emt 0:00:04]} Ke7 {[%emt 0:00:15]} 56. Rc7+ {[%emt 0:00:03]} Kd6 {[%emt 0:00:14]} 57. Rxg7 {[%emt 0:00:03]} b5 {[%emt 0:00:04]} 58. Nf6 {[%emt 0:00:04]} a5 {[%emt 0:00:20]} 59. Ne4+ {[%emt 0:00:04]} Ke6 {[%emt 0:00:12]} 60. Kh2 {[%emt 0:00:11]} b4 {[%emt 0:00:14]} 61. g3 {[%emt 0:00:09]} Ne2 {[%emt 0:00:13]} 62. Nd2 {[%emt 0:00:30]} Kf6 {[%emt 0:00:11]} 63. Rb7 {[%emt 0:00:06]} Ra2 {[%emt 0:00:05]} 64. Ne4+ {[%emt 0:00:04]} Ke5 {[%emt 0:00:13]} 65. Nc5 {[%emt 0:00:02]} Nd4 {[%emt 0:00:14]} 66. Kg2 {[%emt 0:00:13]} a4 {[%emt 0:00:11]} 67. Nd3+ {[%emt 0:00:06]} Ke4 {[%emt 0:00:14]} 68. Nxb4 {[%emt 0:00:02]} Rb2 {[%emt 0:00:16]} 69. Re7+ {[%emt 0:00:05]} Kf5 {[%emt 0:00:05]} 70. Nd5 {[%emt 0:00:06]} a3 {[%emt 0:00:06]} 71. Ra7 {[%emt 0:00:03]} Nc2 {[%emt 0:00:17]} 72. Nc3 {[%emt 0:00:12]} Rb3 {[%emt 0:00:30]} 73. Na2 {[%emt 0:00:09]} Rb2 {[%emt 0:00:05]} 74. Nc3 {[%emt 0:00:05]} Ke5 {[%emt 0:00:08]} 75. Ra4 {[%emt 0:00:56]} Ne1+ {[%emt 0:00:42]} 76. Kf1 {[%emt 0:00:18]} Nc2 {[%emt 0:00:08]} 77. Kg2 {[%emt 0:00:08]} Rb3 {[%emt 0:00:19]} 78. Na2 {[%emt 0:00:09]} Ne1+ {[%emt 0:00:23]} 79. Kf1 {[%emt 0:00:07]} Nd3 {[%emt 0:00:06]} 80. f4+ {[%emt 0:00:40]} Kd5 {[%emt 0:00:14]} 81. g4 {[%emt 0:00:22]} Nc5 {[%emt 0:00:14]} 82. Ra8 {[%emt 0:00:20]} Rb1+ {[%emt 0:00:05]} 83. Ke2 {[%emt 0:00:18]} Rb2+ {[%emt 0:00:03]} 84. Kd1 {[%emt 0:00:04]} Rxa2 {[%emt 0:00:04]} 85. Kc1 {[%emt 0:00:04]} Nd3+ {[%emt 0:00:17]} 86. Kb1 {[%emt 0:00:03]} Rb2+ {[%emt 0:00:14]} 87. Ka1 {[%emt 0:00:03]} a2 {[%emt 0:00:10]} 88. Rg8 {[%emt 0:00:12]} Rf2 {[%emt 0:00:10]} 89. Rxg6 {[%emt 0:00:07]} Nb4 {[%emt 0:00:04]} 90. Rxh6 {[%emt 0:00:08]} Rf1+ {[%emt 0:00:05]} 0-1